[Event "Morava Region-chTA"]
[Site "Czech Republic"]
[Date "2024.12.15"]
[Round "5.4"]
[White "Zeman, Pavel"]
[Black "Bienek, Petr"]
[Result "0-1"]
[WhiteElo "1796"]
[BlackElo "1869"]
[PlyCount "62"]
[EventDate "2024.10.13"]
[EventType "team-tourn"]
[EventRounds "11"]
[EventCountry "CZE"]
[SourceTitle "CB16_2025"]
[SourceDate "2025.04.16"]
[SourceVersion "1"]
[SourceVersionDate "2025.04.16"]
[SourceQuality "1"]
[WhiteTeam "Krnov II"]
[BlackTeam "Fulnek"]
[WhiteTeamCountry "CZE"]
[BlackTeamCountry "CZE"]

1. b4 d5 2. Bb2 e6 3. a3 Nf6 4. Nf3 c5 5. b5 a6 6. a4 axb5 7. axb5 Rxa1 8. Bxa1 Nbd7 9. e3 Qa5 10. Bc3 Qa4 11. Qc1 Be7 12. Qb2 0-0 13. h3 Ne8 14. g4 Bf6 15. g5 Bxc3 16. Nxc3 Qa5 17. Ne2 Nd6 18. Ng3 c4 19. Nh5 f6 20. Nd4 e5 21. Ne6 Rf7 22. gxf6 Nxf6 23. Nxf6+ Rxf6 24. Nxg7 Kxg7 25. Qxe5 Qxb5 26. Rg1+ Kf7 27. Qh5+ Ke7 28. Qxh7+ Nf7 29. Rg5 Rh6 30. Re5+ Kf8 31. Re8+ Qxe8 0-1